Une lettre suffit pour répondre juste #5 (attention 10 lettres tuent) - Statistiques

Statistiques générales
  • Ce quiz a été pris 151 fois
  • Le résultat moyen est 2 sur 6
Statistiques - réponses
Hint Réponse % Correct
Donne une des 5 lettres qui compose le nom du chef lieu de la Lombardie MILAN
100%
Donne une des 4 lettres qui compose le nom de l'indice boursier des cent entreprises britanniques les mieux capitalisées cotées à la bourse de Londres : _ _ _ _ 100 FTSE
59%
Donne une des 3 lettres du sigle de la compétition que Sébastien Loeb a remporté à 9 reprises entre 2004 et 2022 WRC
41%
Donne une des 2 lettres qui compose le nom de la série TV se déroulant dans une prison dont voici un extrait :
OZ
14%
Donne la seule lettre qui complète le nom du film dont voici un extrait : Projet _
X
8%
Donne la seule lettre qui complète le nom de la série TV de cet extrait : _ 2000
K
6%
Aucun quiz correspondant
Distribution des résultats
% des personnes avec chaque résultat
Percentile par nombre de réponses
Votre historique - résultats
Vous n’avez pas pris ce quiz